Statistiques concernant Les pays européens dont la population parle anglais

Cliquez ici pour prendre le quiz!

Statistiques générales

  • Ce quiz a été pris 283 fois
  • Le résultat moyen est 21 sur 24

Statistiques - réponses

PaysPourcentage% Correct
Royaume-Uni95%
99%
France39%
98%
Espagne22%
96%
Irlande92%
96%
Suède86%
96%
Allemagne56%
94%
Belgique52%
94%
Portugal27%
94%
Finlande70%
93%
Pays-Bas90%
93%
Italie34%
92%
Grèce51%
91%
Danemark86%
90%
Luxembourg56%
90%
Pologne34%
90%
Roumanie31%
87%
Autriche73%
85%
Hongrie20%
85%
Estonie50%
83%
Slovaquie26%
83%
Lettonie46%
80%
Lituanie38%
80%
Slovénie59%
80%
République Tchèque27%
73%

Distribution des résultats

Percentile par nombre de réponses

% des personnes avec chaque résultat

Votre développement - résultats

Vous n’avez pas pris ce quiz